00597cam a22002051 4500001001300000003000400013005001700017008004100034010001700075035001800092040001800110042001200128050001800140100003900158245006900197260004900266300002600315610003300341999001700374sa 64004684 DLC20260227112027.0720612s1963 xx 000 0 ind  asa 64004684  a(OCoLC)329795 aDLCcOAUdDLC apremarc00aUA853.I5bN271 aNasution, Abdul Haris,d1918-2000.10aMenudju tentera rakjat;chasil karya dan pikiran A. H. Nasution. a[Djakarta]bJajasan Penerbit Minangc[1963?] a256 p.bport.c20 cm.10aIndonesia.bAngkatan Perang. c58689d58689